[Event "CRO-ch U13"]
[Site "Trogir"]
[Date "2021.06.19"]
[Round "1"]
[White "Krajacic, Marko"]
[Black "Sundac, Ivano"]
[Result "0-1"]
[WhiteElo "1055"]
[BlackElo "1742"]
[PlyCount "110"]
[EventDate "2021.06.18"]
[EventType "swiss"]
[EventRounds "9"]
[EventCountry "CRO"]
[SourceTitle "EXT 2022"]
[Source "ChessBase"]
[SourceDate "2021.10.06"]
[SourceVersion "1"]
[SourceVersionDate "2021.10.06"]
[SourceQuality "1"]

1. e4 c5 2. Nf3 d6 3. Nc3 Nc6 4. Bb5 g6 5. a3 Bg7 6. d4 cxd4 7. Nxd4 Bd7 8. Bxc6 bxc6 9. 0-0 Qb6 10. Be3 Qxb2 11. Qd2 Qb7 12. Rab1 Qc7 13. Rfe1 Nf6 14. Bg5 0-0 15. h3 Rab8 16. Qf4 e5 17. Qf3 exd4 18. Bxf6 dxc3 19. Bxg7 Kxg7 20. Qxc3+ f6 21. g4 Rxb1 22. Rxb1 Rb8 23. Re1 Rb5 24. f4 Qa5 25. Qe3 Qb6 26. Qxb6 axb6 27. Rd1 Rc5 28. Rxd6 Be8 29. Re6 Kf7 30. f5 Rxc2 31. h4 Rc3 32. g5 fxg5 33. hxg5 Rg3+ 34. Kf2 Rxg5 35. Re5 gxf5 36. exf5 Bd7 37. Ke3 Rxf5 38. Re4 Kf6 39. Rh4 h5 40. Ke4 Kg5 41. Rh2 Rf4+ 42. Ke5 h4 43. Rg2+ Bg4 44. Rh2 h3 45. a4 Rf3 46. Ke4 Kh4 47. Ke5 Kg3 48. Rb2 h2 49. Rb1 Kg2 50. Rb2+ Rf2 51. Rxf2+ Kxf2 52. Kf4 h1Q 53. Kxg4 Qd5 54. Kf4 Qd4+ 55. Kf5 c5 0-1

[Event "Krk Golden Island op"]
[Site "Malinska"]
[Date "2020.11.05"]
[Round "1"]
[White "Sundac, Ivano"]
[Black "Horvat, Damjan"]
[Result "0-1"]
[WhiteElo "1613"]
[BlackElo "2155"]
[PlyCount "244"]
[EventDate "2020.11.05"]
[EventType "swiss"]
[EventRounds "5"]
[EventCountry "CRO"]
[SourceTitle "CBM 199 Extra"]
[Source "ChessBase"]
[SourceDate "2021.01.31"]
[SourceVersion "1"]
[SourceVersionDate "2021.01.31"]
[SourceQuality "1"]

1. d4 d5 2. Bf4 Nf6 3. e3 e6 4. Nf3 Bd6 5. Ne5 c5 6. Nd2 Qc7 7. c3 Nbd7 8. Ndf3 Ne4 9. Bd3 f6 10. Nxd7 Bxd7 11. Bxe4 dxe4 12. Bxd6 Qxd6 13. Nd2 Bc6 14. Qh5+ Ke7 15. Qxc5 Qxc5 16. dxc5 a5 17. 0-0 a4 18. Rfd1 Ra5 19. Nc4 Rxc5 20. Na3 Ra8 21. Nc2 Bd5 22. Rd2 Rb5 23. Na3 Rb6 24. c4 Bc6 25. Rb1 Rb4 26. Rbd1 Rc8 27. Rc1 Bd5 28. Rdc2 Bc6 29. Rd2 g5 30. g3 f5 31. Kg2 h6 32. Rcc2 Kf6 33. Rc1 Ke5 34. Rc3 Kf6 35. Rc1 Ke7 36. Rcc2 h5 37. Rc1 Kf6 38. Rcc2 Kf7 39. Rc1 Ke7 40. Rcc2 f4 41. Rc1 f3+ 42. Kg1 h4 43. Rcc2 hxg3 44. fxg3 Kf6 45. Kf2 Rb6 46. Rd4 Rb4 47. Rdd2 Ke5 48. Rc3 Kf6 49. Rcc2 Rc7 50. Rc3 Ke7 51. Rcc2 Be8 52. Rd4 Rd7 53. Rxd7+ Bxd7 54. Rd2 Bc6 55. Kg1 Kf6 56. Kf2 Ke5 57. Kg1 Kf5 58. h3 Kf6 59. Kf2 Be8 60. g4 Bf7 61. Kg3 e5 62. Rc2 Rb6 63. Rd2 Ke7 64. Kf2 Rh6 65. Kg3 Rc6 66. Rc2 Rd6 67. Kf2 Rd1 68. b3 Rh1 69. Kg3 Rg1+ 70. Kf2 Ra1 71. bxa4 Kd6 72. Rd2+ Kc5 73. Rb2 Be8 74. Nb1 Kxc4 75. a5 Bc6 76. a3 Kc5 77. Kg3 Bd5 78. Rc2+ Kd6 79. Rb2 Ra2 80. Rxa2 Bxa2 81. Nc3 Bd5 82. Na4 Kc6 83. Nb2 Kb5 84. a6 Kxa6 85. Kf2 Kb5 86. Ke1 Bb3 87. Kf2 Ka5 88. h4 gxh4 89. g5 Kb5 90. g6 Kc5 91. g7 Kd6 92. Na4 Ke7 93. Nc5 Bd5 94. Nxb7 Kf6 95. Nd6 Kxg7 96. Nb5 Kf6 97. Nc3 Ba8 98. Kg1 Kf5 99. Nd1 Ke6 100. Kf2 Kd5 101. Nb2 Bc6 102. Kg1 h3 103. Nd1 Kc4 104. Nf2 Bd7 105. a4 Kb4 106. Nxe4 Bxa4 107. Ng5 Bd7 108. Nxf3 e4 109. Nh2 Kc3 110. Kf2 Kd3 111. Nf1 Bg4 112. Ng3 Bf3 113. Nf1 Bg2 114. Nh2 Kd2 115. Ng4 Bf3 116. Nh2 Be2 117. Kg3 Kxe3 118. Kxh3 Kf2 119. Kh4 e3 120. Kg5 Bh5 121. Kxh5 e2 122. Ng4+ Kg3 0-1

[Event "CRO-chT3 West"]
[Site "Croatia"]
[Date "2020.10.11"]
[Round "5.5"]
[White "Sundac, Ivano"]
[Black "Duda, Dejan"]
[Result "1-0"]
[WhiteElo "1580"]
[BlackElo "1592"]
[PlyCount "83"]
[EventDate "2020.09.12"]
[EventType "team-tourn"]
[EventRounds "9"]
[EventCountry "CRO"]
[SourceTitle "EXT 2022"]
[Source "ChessBase"]
[SourceDate "2021.10.06"]
[SourceVersion "1"]
[SourceVersionDate "2021.10.06"]
[SourceQuality "1"]
[WhiteTeam "Crikvenica"]
[BlackTeam "Kraljevica"]
[WhiteTeamCountry "CRO"]
[BlackTeamCountry "CRO"]

1. e4 c5 2. Ne2 Nc6 3. g3 e5 4. Bg2 Nf6 5. 0-0 d6 6. c3 Be7 7. d4 cxd4 8. cxd4 exd4 9. Nxd4 0-0 10. Nc3 Bd7 11. Bf4 Qb6 12. Ndb5 Ne5 13. Be3 Qc6 14. f4 Nc4 15. Bd4 Nxb2 16. Qb3 Nc4 17. e5 Nd2 18. Bxc6 Nxb3 19. exf6 bxc6 20. fxe7 Nxa1 21. exf8Q+ Kxf8 22. Rxa1 cxb5 23. Rc1 a5 24. Nd5 Rc8 25. Nc7 a4 26. a3 f6 27. Bb6 Rb8 28. Ba5 Rc8 29. Bb4 Ke7 30. Re1+ Kf7 31. Bxd6 Kg6 32. Kf2 Rd8 33. Re7 Bc6 34. Bb4 Rd3 35. Ne6 Rb3 36. Rxg7+ Kh6 37. Bf8 Rb2+ 38. Ke3 Rb3+ 39. Kd4 Kh5 40. Rxh7+ Kg4 41. Bb4 f5 42. Ng5 1-0